| 000 | 00944nam a22002057a 4500 | ||
|---|---|---|---|
| 999 |
_c11710 _d11710 |
||
| 003 | AR-CdUCM | ||
| 008 | 190318b ||||| |||| 00| 0 spa d | ||
| 040 |
_aMUNICIPALIDAD PROVINCIAL DEL CUSCO _cBIBLIOTECA MUNICIPAL DEL CUSCO |
||
| 082 |
_a985 / _bM39 |
||
| 110 |
_aEditorial Juan Mejía Baca _929199 |
||
| 245 | _aHistoria del Perú / | ||
| 260 |
_aLima : _bJuan Mejía Baca, _c1980. |
||
| 300 |
_a12 tomos ; _c21 cm. |
||
| 505 | _aContenido: t.2: Perú antiguo -- El imperio Wari -- Los reinos y señoríos locales de los andes centrales: 800-1470 D.C -- Los incas -- Investigaciones arqueológicas en el Perú (1977-1979) -- t.5: Perú colonial -- Economía y sociedad en el Perú colonial, movimiento social -- La vida cotidiana -- Las respuestas populares autónomas -- La literatura en el virreinato ... | ||
| 650 |
_aHistoria _9246 |
||
| 650 |
_aPeru _944050 |
||
| 650 |
_aColecciones _9607 |
||
| 942 |
_2ddc _cLIBROS |
||
| 945 | _arum | ||